|
|
|
|
| LEADER |
00000nab#a22000007a#4500 |
| 001 |
arbauad029724 |
| 003 |
AR-BaUAD |
| 005 |
20250711112412.0 |
| 008 |
980203|||||||||###||||||b###|0###a|spa|| |
| 040 |
|
|
|a AR-BaUAD
|c AR-BaUAD
|b spa
|
| 100 |
|
|
|a Falsitta, Daniela
|
| 245 |
|
|
|a Tessuti da recordEquilibri estremi /
|c Daniela Falsitta; Clino Trini Castelli;
|
| 300 |
0 |
|
|b fot., il.
|
| 653 |
|
|
|a ITALIA
|
| 653 |
|
|
|a MODA
|
| 653 |
|
|
|a ESTILOS
|
| 653 |
|
|
|a TIPOLOGIAS
|
| 653 |
|
|
|a INVESTIGACION
|
| 653 |
|
|
|a PROYECTOS
|
| 653 |
|
|
|a DISEÑO DE INDUMENTARIA
|
| 653 |
|
|
|a NANNI STRADA
|
| 653 |
|
|
|a DISEÑADORES DE INDUMENTARIA
|
| 653 |
|
|
|a INDUMENTARIA DEPORTIVA
|
| 653 |
|
|
|a MATERIALES
|
| 653 |
|
|
|a DETALLES CONSTRUCTIVOS
|
| 653 |
|
|
|a CONFECCION
|
| 653 |
|
|
|a TELAS DE TAPICERIA
|
| 653 |
|
|
|a FIBRAS SINTETICAS
|
| 653 |
|
|
|a MICROFIBRAS
|
| 653 |
|
|
|a PLASTICO
|
| 653 |
|
|
|a KEVLAR
|
| 653 |
|
|
|a FIBRAS ELASTOMERICAS
|
| 653 |
|
|
|a LYCRA
|
| 653 |
|
|
|a MARCAS
|
| 653 |
|
|
|a POLIURETANO
|
| 653 |
|
|
|a RESINA
|
| 653 |
|
|
|a NOMEX
|
| 653 |
|
|
|a TNT
|
| 653 |
|
|
|a HIGH TECH
|
| 653 |
|
|
|a DISEÑO INDUSTRIAL
|
| 653 |
|
|
|a MOBILIARIO
|
| 653 |
|
|
|a TELAS ELASTIZADAS
|
| 700 |
1 |
|
|a Castelli, Clino Trini
|
| 773 |
0 |
|
|t INTERNI
|g no. 475 [nov. 1997], p. 136-140
|
| 942 |
|
|
|c ARTI
|
| 952 |
|
|
|0 0
|1 0
|4 0
|7 0
|9 74643
|a AR-BAuAD
|b AR-BAuAD
|d 2025-07-11
|l 0
|p AAQA029724
|r 2025-07-11 11:24:12
|w 2025-07-11
|y ARTI
|
| 990 |
|
|
|a DT199
|b TD
|
| 990 |
|
|
|a DI199
|b TD
|
| 998 |
|
|
|a AAQ
|b BIBUN76
|
| 999 |
|
|
|c 54316
|d 54316
|